| 000 | 00900cam a22002055a 4500 | ||
|---|---|---|---|
| 001 | L149249 | ||
| 008 | 100210e20100115xxk 000 0 eng d | ||
| 035 | _a(Sirsi) u149249 | ||
| 041 | 0 | _aeng | |
| 100 | 1 | _aSchultz, Sophie | |
| 245 | 0 | 0 | _aHow to avoid pain in the valuation blame game |
| 260 | _c2010 | ||
| 490 | 0 |
_aProperty Week _v76(2) 15 January 2010, 63(1) |
|
| 520 | _aProfessional negligence claims against surveyors are more common in a falling market with valuation reports coming under scrutiny. Outlines the three ingredients in a negligence claim, tells lenders and purchasers what to do on receipt of negligent advice, and advises surveyors on protecting themselves against claims. | ||
| 590 | _aKA | ||
| 651 | 4 |
_aUnited Kingdom _y |
|
| 690 | _aPROPERTY-PROPERTY APPRAISAL AND VALUATION | ||
| 690 | _aMANAGEMENT-BUSINESS MANAGEMENT-PROFESSIONAL PRACTICE-NEGLIGENCE | ||
| 942 | _n0 | ||
| 999 |
_c82095 _d82095 |
||